<?xml version="1.0" encoding="UTF-8"?>
<record
    xmlns:xsi="http://www.w3.org/2001/XMLSchema-instance"
    xsi:schemaLocation="http://www.loc.gov/MARC21/slim http://www.loc.gov/standards/marcxml/schema/MARC21slim.xsd"
    xmlns="http://www.loc.gov/MARC21/slim">

  <leader>01518nam a2200301   4500</leader>
  <controlfield tag="001">396</controlfield>
  <controlfield tag="003">OSt</controlfield>
  <controlfield tag="005">20250414160931.0</controlfield>
  <controlfield tag="008">250414b        |||||||| |||| 00| 0 eng d</controlfield>
  <datafield tag="020" ind1=" " ind2=" ">
    <subfield code="a">9788563270245</subfield>
  </datafield>
  <datafield tag="040" ind1=" " ind2=" ">
    <subfield code="b">por</subfield>
  </datafield>
  <datafield tag="041" ind1=" " ind2=" ">
    <subfield code="h">ger</subfield>
    <subfield code="a">por</subfield>
  </datafield>
  <datafield tag="082" ind1=" " ind2=" ">
    <subfield code="a">150.195 </subfield>
    <subfield code="b">F889i</subfield>
  </datafield>
  <datafield tag="100" ind1=" " ind2=" ">
    <subfield code="a">Freud, Sigmund</subfield>
    <subfield code="d">1856- 1939</subfield>
    <subfield code="9">845</subfield>
  </datafield>
  <datafield tag="240" ind1=" " ind2=" ">
    <subfield code="a">Die Traumdeutung </subfield>
  </datafield>
  <datafield tag="245" ind1=" " ind2=" ">
    <subfield code="a">A Interpreta&#xE7;&#xE3;o dos Sonhos / </subfield>
    <subfield code="c">Freud, Sigmund ; Tradu&#xE7;&#xE3;o de Walderedo Ismael de Oliveira</subfield>
  </datafield>
  <datafield tag="260" ind1=" " ind2=" ">
    <subfield code="a">S&#xE3;o Paulo</subfield>
    <subfield code="b">Folha de S. Paulo</subfield>
    <subfield code="c">2010</subfield>
  </datafield>
  <datafield tag="300" ind1=" " ind2=" ">
    <subfield code="a">462 p.</subfield>
  </datafield>
  <datafield tag="520" ind1=" " ind2=" ">
    <subfield code="a">Procurando a causa da dor ps&#xED;quica, Freud sai em busca de suas poss&#xED;veis origens. Comportamentos fora de padr&#xE3;o, durante vig&#xED;lia ou sono, intrigam a todos. Desde que o mundo &#xE9; mundo, a hist&#xF3;ria e a mitologia dos povos procura desvendar a raz&#xE3;o dessas irracionalidades. Escolhendo interpretar os sonhos em vez de decifr&#xE1;-los, Freud d&#xE1; um grande passo. Ao mudar o foco de &#x201C;o que se sonha&#x201D; para &#x201C;por que se sonha&#x201D;, inicia-se o percurso que terminar&#xE1; na elabora&#xE7;&#xE3;o do conceito de inconsciente. Em &#x201C;A Interpreta&#xE7;&#xE3;o dos Sonhos&#x201D;, j&#xE1; se vislumbra a teoria psicanal&#xED;tica da compreens&#xE3;o dos mist&#xE9;rios da mente.
</subfield>
  </datafield>
  <datafield tag="650" ind1=" " ind2="0">
    <subfield code="a">Psican&#xE1;lise</subfield>
    <subfield code="9">839</subfield>
  </datafield>
  <datafield tag="650" ind1=" " ind2="0">
    <subfield code="a">Freud, Sigmund &#x2013; Teorias</subfield>
    <subfield code="9">840</subfield>
  </datafield>
  <datafield tag="650" ind1=" " ind2="0">
    <subfield code="a">Psicologia dos sonhos</subfield>
    <subfield code="9">846</subfield>
  </datafield>
  <datafield tag="650" ind1=" " ind2="0">
    <subfield code="a">Comportamento humano</subfield>
    <subfield code="9">847</subfield>
  </datafield>
  <datafield tag="655" ind1=" " ind2="0">
    <subfield code="a">N&#xE3;o Fic&#xE7;&#xE3;o</subfield>
    <subfield code="9">102</subfield>
  </datafield>
  <datafield tag="655" ind1=" " ind2="0">
    <subfield code="a">T&#xE9;cnico-cient&#xED;fico</subfield>
    <subfield code="9">835</subfield>
  </datafield>
  <datafield tag="700" ind1=" " ind2=" ">
    <subfield code="a">Walderedo Ismael de Oliveira</subfield>
    <subfield code="e">TRADUTOR</subfield>
    <subfield code="9">848</subfield>
  </datafield>
  <datafield tag="942" ind1=" " ind2=" ">
    <subfield code="2">ddc</subfield>
    <subfield code="n">0</subfield>
    <subfield code="c">BK</subfield>
  </datafield>
  <datafield tag="952" ind1=" " ind2=" ">
    <subfield code="0">0</subfield>
    <subfield code="1">0</subfield>
    <subfield code="2">ddc</subfield>
    <subfield code="4">0</subfield>
    <subfield code="7">0</subfield>
    <subfield code="8">NFIC</subfield>
    <subfield code="a">BIBIB</subfield>
    <subfield code="b">BIBIB</subfield>
    <subfield code="c">PF</subfield>
    <subfield code="d">2025-04-14</subfield>
    <subfield code="e">doa&#xE7;&#xE3;o</subfield>
    <subfield code="l">0</subfield>
    <subfield code="o">150.195  / F889i</subfield>
    <subfield code="p">2025-17335</subfield>
    <subfield code="r">2025-04-14 07:58:34</subfield>
    <subfield code="w">2025-04-14</subfield>
    <subfield code="y">BK</subfield>
  </datafield>
  <datafield tag="999" ind1=" " ind2=" ">
    <subfield code="c">396</subfield>
    <subfield code="d">396</subfield>
  </datafield>
</record>
